Листовка Каолиционной рады киевского студенчества с призывом к солдатам продолжать борьбу до победы демократической республики (...

Доступно только в Электронных читальных залах Найти на картеНа карте
RUSMARC
00003954nmc2a22000003x 450
001ab167a83-39cc-49f3-baed-2b8f2d7872fc
00520191120012133.0
100##$a20180130l19171917k l0rusy0189 ca
1010#$arus
$aukr
102##$aRU
2001#$aЛистовка Каолиционной рады киевского студенчества с призывом к солдатам продолжать борьбу до победы демократической республики (украинский язык) и "Известия Центрального представительного комитета учащихся средне-учебных заведений города Киева"
$j11-15 марта 1917 г.
251##$cДело
300##$aНа русском и украинском языках
801#0$aRU
$bРГИА
$c20180130
$gRCR
801#1$aRU
$bГлавНИВЦ
$c20180130
$2rusmarc
801#2$aRU
$bПБ им. Б.Н. Ельцина
$c20191120
$gRCR
$2rusmarc
850##$aРГИА
852##$aРГИА
$eФедеральное казенное учреждение "Российский государственный исторический архив" (РГИА)
$j790
937##$hРГИА
$d12227331
$aASBIBLIO_SCAN
462#0$100146c96731-af2d-49ce-8199-721d162b0637
$12001
$aДела по ученым учреждениям и высшим учебным заведениям Департамента народного просвещения за 1915-1917 годы
$1251
$cОпись
$1852
$j156
461#0$1001a74412a3-3cc5-4d21-8f0a-dfe2fbd9e72d
$12001
$aДепартамент народного просвещения Министерства народного просвещения (1803-1917)
$1251
$cФонд
$1852
$j733
215##$a3 л.
$d36,5х26 см
371##$aДокумент не является опубликованным и широко распространяемым
105##$ay###
1222#$ad
035##$aab167a83-39cc-49f3-baed-2b8f2d7872fc
856##$uhttp://readingroom.main.prlib.ru/item.aspx?id_node=n135247860&mode=full
Формат отображения